000 00960nam a2200265Ia 4500
003 OSt
005 20220923211238.0
006 a|||||r|||| 00| 0
007 ta
008 220922b |||||||| |||| 00| 0 hin d
020 _a9788174534217 (hbk)
_c900
024 _a289,287
037 _b1333, 11/03/2016, Kiran Book Service
_cTextual
040 _aARTS
_cARTS
_bhin
041 _2hin
_ahin
082 _aO152,2:g(zG), Q3
100 _aपाण्डेय, गीता
_9156275
245 0 _aगॉंधीवाद और हिन्दी नाटक
246 _aGaॉandhīvād aur hindī nāṭaka
260 _aनई दिल्ली
_b संजय प्रकाशन
_c2013
300 _a308पृ.
_ccm.
650 _aहिन्दी साहित्य
_9156264
942 _hO152,2:g(zG), Q3
_cTEXL
_2CC
999 _c297591
_d297591